|
|
|
|
| LEADER |
00000nam0a2200000 4500 |
| 001 |
132426 |
| 005 |
20231031134839.0 |
| 010 |
|
|
|a 5703005701
|
| 020 |
|
|
|a RU
|b 92-9175
|
| 035 |
|
|
|a (RuTPU)RU\TPU\book\143397
|
| 090 |
|
|
|a 132426
|
| 100 |
|
|
|a 20080303d1991 m y0rusy5003 ca
|
| 101 |
0 |
|
|a rus
|
| 102 |
|
|
|a RU
|
| 105 |
|
|
|a a z 000ay
|
| 200 |
1 |
|
|a В гостях и дома. Три поездки за рубеж
|f Д. М. Балашов
|g худож. В. В. Лапин
|
| 210 |
|
|
|a Москва
|c Патриот
|d 1991
|
| 215 |
|
|
|a 176,[2] с.
|
| 333 |
|
|
|a Исключено из фонда НТБ ТПУ
|
| 700 |
|
1 |
|a Балашов
|b Д. М.
|c русский писатель
|c фольклорист
|f 1927-2000
|g Дмитрий Михайлович
|
| 702 |
|
1 |
|a Лапин
|b В. В.
|4 440
|
| 801 |
|
0 |
|a RU
|b RuMRKP
|c 19950417
|g psbo
|
| 801 |
|
1 |
|a RU
|b 63413507
|c 20080303
|g PSBO
|
| 801 |
|
2 |
|a RU
|b 63413507
|c 20220513
|g PSBO
|
| 942 |
|
|
|c BK
|